00578nam a2200157Ia 4500999001700000082001200017100001900029245007800048260003100126300001000157650005900167650006600226710001500292942001200307952010100319 c14539d14539 aTP.0276 aPalanivelu, C. 0aGopichettipalayam Taluk : A study in the changes in agricultural land use c1976bUniversity of Madras a230p. aLAND USE, RURAL - TAMIL NADU - GOPICHETTIPALAYAM TALUK aAGRICULTURAL GEOGRAPHY - TAMIL NADU - GOPICHETTIPALAYAM TALUK aRamesh, A. cTH2ddc 00104070aNASSDOCbNASSDOCd2004-10-08l0oTP.0276p11570r2019-04-18 00:00:00w2019-04-18yTH